00810nam a2200181 a 450000100100000000500170001000800410002704000250006808200160009311000820010924500440019126000570023530000200029250000650031295201140037795201200049199900170061100002975620200930055801.0110425s1929 dr 000 0 spa d aDO-SdBNPbspacBNPHU axxxxbR426t1 aRepública DominicanabSecretaría de Estado de Relaciones Exteriores9225610aTratado fronterizo domínico-haitiano. aSanto Domingo :bImprenta J. R. Vda García,c1929. a23 p. ;c26 cm. aFirmado en la ciudad de Sto. Domingo, el 21 de Enero de 1929 001150718RVaPDbPDcMId2011-04-25iLF1l0oxxxx R426tp29756-10r2020-06-25w2020-06-25y1ZNo se presta 001050718RVaPDbPDcCTd2011-04-29iLF1l0oxxxx R426tp29756-20r2020-06-25te. 2w2020-06-25y1ZNo se presta c29248d29248